| 000 | 00443nam a22001577a 4500 | ||
|---|---|---|---|
| 005 | 20250904102137.0 | ||
| 008 | 250904b |||||||| |||| 00| 0 eng d | ||
| 020 | _a9780314286031 | ||
| 050 |
_aHM51 _bCHA |
||
| 100 | _aCHALFANT PAUL H. | ||
| 245 |
_aUNDERSTANDING PEOPLE AND SOCIAL LIFE; _bINTRODUCTION TO SOCIOLOGY |
||
| 260 |
_aNEW YORK _bWEST PUBLISHING COMPANY _c1988 |
||
| 300 | _axiv, 326p | ||
| 700 | _aLABEFF EMILY | ||
| 942 |
_2lcc _cBK _n0 |
||
| 999 |
_c7461 _d7461 |
||